| 000 | | | 04034nmc2a22002533x 450 |
| 001 | | | 9cfe42e2-9af3-4e0d-9200-d5645ca40c18 |
| 005 | | | 20230904174209.0 |
| 100 | ## | $a | 20230406l18681879k l0rusy0189 ca |
| 101 | 0# | $a | rus |
| 102 | ## | $a | RU |
| 105 | ## | $a | y### |
| 122 | 2# | $a | d |
| 200 | 1# | $a | Дело: "Проект докладной записки" неустановленного лица о заготовке хлеба для Петербургского гарнизона, с предложением открыть хлебопекарню для выпечки хлеба и проект контракта на долгосрочную поставку муки. Здесь же письмо Якобсона Михаилу Петровичу фон Кауфману с замечаниями по докладу о поставке хлеба от 16 октября 1868 года |
| | $j | 16 октября 1868 г.; [1870-е] гг. |
| 215 | ## | $a | 39 л. |
| | $d | 27,5х40 см |
| 251 | ## | $c | Дело |
| 300 | ## | $a | Михаил Петрович фон Кауфман (1821-1902 годы). Материалы, связанные со служебной деятельностью. По интендантской части |
| 300 | ## | $a | На обложке ошибочно указана дата - 16 октября 1768 года |
| 371 | ## | $a | Документ не является опубликованным и широко распространяемым |
| 461 | #0 | $1 | 00190e07281-0192-43e2-b84a-6d6cf747817c |
| | $1 | 2001 |
| | $a | Фон Кауфманы и фон Кауфманы Туркестанские |
| | $1 | 251 |
| | $c | Фонд |
| | $1 | 852 |
| | $j | 954 |
| 462 | #0 | $1 | 001ff04dd05-f76b-4284-9957-af4e9e6c0442 |
| | $1 | 2001 |
| | $a | Материалы к истории рода Kауфманов; личные и служебные документы К.П., М.П., П.М. Кауфмана |
| | $1 | 251 |
| | $c | Опись |
| | $1 | 852 |
| | $j | 1 |
| 801 | #0 | $a | RU |
| | $b | РГИА |
| | $c | 20230406 |
| | $g | RCR |
| 801 | #1 | $a | RU |
| | $b | ГлавНИВЦ |
| | $c | 20230406 |
| | $2 | rusmarc |
| 801 | #2 | $a | RU |
| | $b | ПБ им. Б.Н. Ельцина |
| | $c | 20230904 |
| | $g | RCR |
| | $2 | rusmarc |
| 850 | ## | $a | РГИА |
| 852 | ## | $a | РГИА |
| | $e | Федеральное казенное учреждение "Российский государственный исторический архив" (РГИА) |
| | $j | 194 |
| 937 | ## | $h | РГИА |
| | $d | 12390588 |
| | $a | ASBIBLIO_SCAN |
| 035 | ## | $a | RusGRCC00059370 |
| 856 | ## | $u | http://readingroom.main.prlib.ru/item.aspx?id_node=n187348264&mode=full |